000 01059nam a2200289 i 4500
001 49459
003 ES-MaACL
005 20250818063039.0
007 t|
008 030716s1899 fr ||||1| fre d
040 _cES-MaACL
080 _a33
100 1 _aCossa, Luigi,
_d1831-1896
_eaut
_941005
245 1 0 _aHistoire des doctrines económiques /
_cpar Luigi Cossa ; avec une préface de A. Deschamps
260 _aParis :
_bV. Giard et E. Brière,
_c1899
300 _aXII, 574 páginas ;
_c20 cm
490 1 _aBibliothèque internationale d'économie politique
530 _aDisponible en formato digital
650 4 _aEconomía
_912006
700 1 _aDeschamps, Auguste,
_d1863-1935
_eaui
_943842
830 0 _9181587
_aBibliothèque internationale d'économie politique
852 4 _aES-MaACL
_cSPP2
_jF-14110
856 4 _uhttps://gallica.bnf.fr/ark:/12148/bpt6k55182420
_yVersión en línea
_z(Gallica. Bibliothèque nationale de France)
942 _cMONANT
_n0
999 _c49459
_d49459